000 00740cam a22002651 4500
001 23111
003 BD-RjUL
005 20211209000907.0
008 140310s1961 enka 001 0 eng
035 _a(BD-RjUL)23176
035 _a(OCoLC)3106195
040 _aDLC
_cNSyU
_dUk
_dDLC
_dBD-RjUL
_beng
041 _aeng
082 _a915.4
_bGIH 1961
100 1 _aGibbs, Henry.
_971268
245 1 4 _aThe hills of India /
_cby Henry Gibbs
260 _aLondon :
_bJarrolds,
_cc1961.
300 _a254 p. :
_billus ;
_c22 cm.
504 _aIncludes index.
651 0 _aIndia
_xDescription and travel.
_971269
651 0 _aAsia, Central
_xDescription and travel.
_967297
942 _2ddc
_cBK
999 _c23111
_d23111